| 000 | 00738nam a2200229 i 4500 | ||
|---|---|---|---|
| 001 | 18453 | ||
| 003 | ES-MaACL | ||
| 005 | 20250522195847.0 | ||
| 007 | t| | ||
| 008 | 011119s2001 sp ||||1| spa d | ||
| 020 | _a84-8307-381-1 | ||
| 080 | _a336.71(460)(091) | ||
| 100 | 1 |
_aFaus Mompart, Esteban María. _948976 |
|
| 245 | 1 | 0 |
_aRegulación y desregulación _b: notas para la historia de la banca española / _cEsteban Mª Faus Mompart ; prólogo de Luis Angel Rojo. |
| 250 | _a1ª ed. | ||
| 260 |
_aBarcelona : _bPenínsula, _c2001. |
||
| 300 |
_a437 p. ; _c23 cm. |
||
| 650 | 1 | 4 |
_aBancos- _zEspaña- _xHistoria. _910488 |
| 700 | 1 |
_aRojo, Luis Ángel _999096 |
|
| 852 |
_aES-MaACL _jL-25076 _bR.130534 |
||
| 999 |
_c18453 _d18453 |
||